000 00549nam a2200205Ia 4500
001 1474
008 210102s ii a g b000 u asm u
082 _a891.4141
100 _aBarua, Padmanath Gohai .
245 0 _aLaharee /
_cPadmanath Gohain Barua.
_hTextual Documents
250 _a1st ed. /
260 _aTezpur :
_bB. R. Kalita & Comp. ,
_cnd.
300 _a143p. :
_bill ;
_c17cm .
500 _a88/Ref/Ass
653 _aAssamese Novel
653 _aAssamese Fiction
653 _aRef-Assamese
653 _aG-Assamese
942 _2ddc
_cBK
999 _c1470
_d1470